| 000 | 00539nam a22001577a 4500 | ||
|---|---|---|---|
| 008 | 140911b xxu||||| |||| 00| 0 eng d | ||
| 020 | _a0406000417 | ||
| 050 | _aKD288.A6(1922) | ||
| 245 |
_aThe All England law reports reprint 1922: being a selection from the law times reports 1843-1935 revised and annotated. / _cedited by G.F.L. Bridgman et al... |
||
| 260 |
_aLondon: _bButterworth, _c1960. |
||
| 300 |
_a802p. _c23cm. |
||
| 700 | _aBridgman, G.F.L. | ||
| 700 | _aSwingland, O.M.W. | ||
| 700 | _aSummerfield, Henry | ||
| 942 |
_2lcc _cBK |
||
| 999 |
_c4643 _d12143 |
||